[Event "10th American Continental"]
[Site "Montevideo URU"]
[Date "2015.05.18"]
[Round "5.49"]
[White "Saralegui, Mario"]
[Black "Chamlian, Aram"]
[Result "1-0"]
[WhiteElo "2125"]
[BlackElo "1714"]
[WhiteFideId "3000419"]
[BlackFideId "3003639"]
[EventDate "2015.05.15"]
[EventType "swiss"]

1. d4 d5 2. c4 e6 3. Nc3 Nf6 4. Bg5 Nbd7 5. Nf3 Be7 6. e3 O-O 7. Rc1 c6 8. Bd3
dxc4 9. Bxc4 b5 10. Bd3 Bb7 11. O-O Rc8 12. Bxf6 Nxf6 13. Ne4 Nxe4 14. Bxe4 Qb6
15. Ne5 Rc7 16. Qf3 Bf6 17. Nd3 Re8 18. b4 Rec8 19. Nc5 Ba8 20. a3 e5 21. dxe5
Bxe5 22. Qf5 Bb2 23. Qxh7+ Kf8 24. Rcd1 Ke7 25. Bf3 g6 26. Qh4+ Bf6 27. Qg4 Kf8
28. Nd7+ Rxd7 29. Rxd7 Qb8 30. Rfd1 Kg7 31. Be4 Rh8 32. Qxg6+ 1-0

[Event "10th American Continental"]
[Site "Montevideo URU"]
[Date "2015.05.18"]
[Round "5.50"]
[White "Menna Barreto, Felipe Kubiaki"]
[Black "Acosta, Mariano USA"]
[Result "1-0"]
[WhiteTitle "FM"]
[WhiteElo "2271"]
[BlackElo "1967"]
[WhiteFideId "2119757"]
[BlackFideId "2008629"]
[EventDate "2015.05.15"]
[EventType "swiss"]

1. e4 e5 2. Nf3 Nc6 3. Bc4 Bc5 4. c3 Nf6 5. d4 exd4 6. e5 d5 7. Bb5 Ne4 8. cxd4
Bb4+ 9. Bd2 Bxd2+ 10. Nbxd2 O-O 11. Bxc6 bxc6 12. Qe2 Nxd2 13. Nxd2 f6 14. O-O
c5 15. dxc5 Qe7 16. Qd3 Qxc5 17. Rac1 Qb6 18. exf6 Qxf6 19. Rxc7 Bf5 20. Qxd5+
Kh8 21. Ne4 Bxe4 22. Qxe4 Qxb2 23. Qc2 Qf6 24. Qc3 h6 25. Qxf6 Rxf6 26. Rfc1
Raf8 27. R1c2 a6 28. Rd2 Rb6 29. g3 a5 30. Ra7 Rb5 31. Kg2 Rbf5 32. f4 R8f6 33.
Rd8+ Kh7 34. Rdd7 Rg6 35. Kf3 Rc5 36. Rac7 Rxc7 37. Rxc7 Rb6 38. Ra7 Rb2 39.
Rxa5 Rxh2 40. a4 Ra2 41. Kg4 Ra3 42. Ra7 Kg6 43. f5+ Kf6 44. Ra6+ Kf7 45. Kf4
Ra1 46. a5 Ra4+ 47. Ke5 Rg4 48. Ra7+ Kg8 49. a6 Rxg3 50. Rb7 Ra3 51. a7 Ra5+ 52.
Kd4 1-0

[Event "10th American Continental"]
[Site "Montevideo URU"]
[Date "2015.05.18"]
[Round "5.51"]
[White "Benoit, Rodrigo"]
[Black "Sopko, Cassio Roberto"]
[Result "1-0"]
[WhiteElo "2088"]
[BlackElo "1930"]
[WhiteFideId "3005151"]
[BlackFideId "2167867"]
[EventDate "2015.05.15"]
[EventType "swiss"]

1. b3 f5 2. Bb2 e6 3. d3 d5 4. Nd2 Nf6 5. g3 Bd6 6. Bg2 c6 7. a3 Qe7 8. e4 e5 9.
Ne2 O-O 10. O-O Be6 11. d4 Nxe4 12. dxe5 Bc5 13. Nf4 Nd7 14. Nd3 Bb6 15. Kh1
Rfe8 16. f3 Nxd2 17. Qxd2 Rac8 18. f4 g6 19. a4 a6 20. Rfc1 Qf7 21. a5 Ba7 22.
Ba3 h5 23. Ne1 Nc5 24. Qd4 Nxb3 25. Qxa7 Nxa1 26. Rxa1 Ra8 27. Qb6 Rad8 28. Qd4
Rd7 29. Rb1 Rc8 30. Nd3 Kh7 31. Bd6 Rcd8 32. Nc5 Kh6 33. Nxd7 Rxd7 34. Qa7 Qg8
35. Rxb7 1-0

[Event "10th American Continental"]
[Site "Montevideo URU"]
[Date "2015.05.18"]
[Round "5.52"]
[White "Moreira, Marcelo"]
[Black "Braga, Jose Pereira"]
[Result "1-0"]
[WhiteElo "2077"]
[BlackElo "1911"]
[WhiteFideId "3003043"]
[BlackFideId "2103435"]
[EventDate "2015.05.15"]
[EventType "swiss"]

1. e4 d6 2. d4 Nf6 3. Nc3 g6 4. Nf3 Bg7 5. Be2 O-O 6. O-O c5 7. dxc5 dxc5 8. Be3
b6 9. Qc1 Bb7 10. Rd1 Qc8 11. Bh6 Nxe4 12. Bxg7 Kxg7 13. Nxe4 Bxe4 14. Qe3 Qb7
15. Re1 e6 16. Rad1 Kg8 17. Ne5 a5 18. Ng4 f5 19. Bc4 Bd5 20. Rxd5 fxg4 21.
Qxe6+ Qf7 22. Qxf7+ Kxf7 23. Rd6+ Kg7 24. Re7+ Kh6 25. Bd5 Ra6 26. a4 b5 27.
Rxa6 Nxa6 28. axb5 Nb4 29. Be4 Rd8 30. Kf1 Rb8 31. c4 Rd8 32. Ke2 Rd6 33. f3 Kg5
34. Re5+ Kf4 35. Rxc5 g3 36. h4 Re6 37. Rg5 h5 38. Rxg6 Re7 39. Rg5 Re5 40. Rxe5
Kxe5 41. c5 1-0

[Event "10th American Continental"]
[Site "Montevideo URU"]
[Date "2015.05.18"]
[Round "5.53"]
[White "Areco, Antonio"]
[Black "Rodriguez, Paulo Virgilio Rios"]
[Result "0-1"]
[WhiteElo "1746"]
[BlackElo "2072"]
[WhiteFideId "139190"]
[BlackFideId "2108267"]
[EventDate "2015.05.15"]
[EventType "swiss"]

1. b3 Nf6 2. Bb2 d5 3. e3 Bf5 4. f4 e6 5. Nf3 Nbd7 6. Be2 c6 7. O-O Bd6 8. c4 h6
9. cxd5 exd5 10. Nc3 Qe7 11. Nh4 Bh7 12. Nf3 O-O-O 13. Rc1 Kb8 14. Nd4 Rc8 15.
b4 a6 16. Na4 h5 17. a3 Be4 18. Nb3 Ng4 19. h3 Qh4 20. Qe1 Qxe1 21. Rfxe1 Ngf6
22. Bd4 Rhg8 23. Nac5 g5 24. Nxe4 Nxe4 25. Bxh5 gxf4 26. Bxf7 f3 27. Kf1 Rxg2 0-1

[Event "10th American Continental"]
[Site "Montevideo URU"]
[Date "2015.05.18"]
[Round "5.54"]
[White "Ibanez, Juan Rodrigo"]
[Black "Pena Canapa, Alfredo"]
[Result "1-0"]
[WhiteTitle "CM"]
[WhiteElo "2059"]
[BlackElo "1785"]
[WhiteFideId "3002071"]
[BlackFideId "3003140"]
[EventDate "2015.05.15"]
[EventType "swiss"]

1. e4 c5 2. Nf3 d6 3. d3 Nc6 4. g3 g6 5. Bg2 Bg7 6. c3 Nf6 7. O-O O-O 8. Re1 e5
9. Nbd2 Be6 10. Nf1 Rc8 11. h3 h6 12. Be3 Kh7 13. g4 Bd7 14. Ng3 Ne7 15. d4 cxd4
16. cxd4 Qa5 17. Bd2 Qb5 18. Bc3 exd4 19. Nxd4 Qb6 20. Qd2 Nc6 21. Nf3 Rfd8 22.
Rad1 a6 23. Qf4 Ne5 24. Nxe5 dxe5 25. Bxe5 Rc2 26. Bd4 Qe6 27. e5 Nd5 28. Bxd5
Qxd5 29. Bb6 1-0

[Event "10th American Continental"]
[Site "Montevideo URU"]
[Date "2015.05.18"]
[Round "5.55"]
[White "Hirota da Silva, Nilton"]
[Black "Larrea, Daniela"]
[Result "1/2-1/2"]
[WhiteElo "2045"]
[BlackElo "1705"]
[WhiteFideId "2101700"]
[BlackFideId "3003000"]
[EventDate "2015.05.15"]
[EventType "swiss"]

1. d4 Nf6 2. e3 g6 3. f4 Bg7 4. Nf3 O-O 5. Bd3 d5 6. O-O Nc6 7. c3 Nd7 8. f5 e5
9. fxe6 fxe6 10. e4 dxe4 11. Bxe4 e5 12. d5 Nf6 13. Bg5 Ne7 14. Bxf6 Bxf6 15. c4
Nf5 16. Qb3 Nd6 17. Nc3 b6 18. Rae1 Bg7 19. Bd3 Bf5 20. Bxf5 Rxf5 21. Ne4 Nxe4
22. Rxe4 Qd6 23. Qe3 Raf8 24. b3 Qf6 25. Re1 Rf4 26. Rxf4 Qxf4 27. Qxf4 exf4 28.
Re7 Rf7 29. Re8+ Rf8 30. Re6 Rf6 31. Re8+ Rf8 32. Re7 Rf7 33. Re8+ 1/2-1/2

[Event "10th American Continental"]
[Site "Montevideo URU"]
[Date "2015.05.18"]
[Round "5.56"]
[White "Gauche, Eduardo"]
[Black "Idiarte Borda, Jorge"]
[Result "0-1"]
[WhiteElo "1927"]
[BlackElo "2035"]
[WhiteFideId "2128209"]
[BlackFideId "3000842"]
[EventDate "2015.05.15"]
[EventType "swiss"]

1. d4 Nf6 2. c4 g6 3. Nc3 Bg7 4. e4 d6 5. f3 O-O 6. Be3 Bd7 7. Qd2 Nc6 8. Nge2
a5 9. g4 Na7 10. h4 h5 11. e5 Nxg4 12. fxg4 Bxg4 13. exd6 exd6 14. O-O-O Re8 15.
Bh6 Bh8 16. Bg2 Nc6 17. Bxc6 bxc6 18. Rde1 Qd7 19. Ng3 Kh7 20. Bg5 f6 21. Bf4 f5
22. Rxe8 Rxe8 23. Nf1 Bf6 24. Nh2 Qe7 25. Nxg4 fxg4 26. Bg5 Bxg5 27. hxg5 Qf7
28. Re1 Rxe1+ 29. Qxe1 Qf4+ 30. Kc2 Qxg5 31. Qe8 Qf5+ 32. Kb3 Kg7 33. Qxc6 g3
34. Qxc7+ Kh6 35. Qxd6 g2 36. Qg3 Qg5 37. Qb8 Qe3 38. Qh2 g1=Q 0-1

[Event "10th American Continental"]
[Site "Montevideo URU"]
[Date "2015.05.18"]
[Round "5.57"]
[White "Gomes, Marco Tulio"]
[Black "Chang, Suzana"]
[Result "0-1"]
[BlackTitle "WFM"]
[WhiteElo "1883"]
[BlackElo "2022"]
[WhiteFideId "2115271"]
[BlackFideId "2105985"]
[EventDate "2015.05.15"]
[EventType "swiss"]

1. e4 c5 2. Nc3 e6 3. Nf3 a6 4. d4 cxd4 5. Nxd4 Qc7 6. Be2 Nf6 7. Be3 Bb4 8. Qd3
d5 9. exd5 Nxd5 10. Bd2 Nxc3 11. Bxc3 Bxc3+ 12. bxc3 O-O 13. O-O Nd7 14. Rfd1
Nf6 15. c4 e5 16. Nb3 Be6 17. Rab1 Rfc8 18. c5 Bd5 19. Qd2 a5 20. c4 Be4 21. Rb2
a4 22. Nc1 Qxc5 23. Nd3 Qc7 24. Qg5 Re8 25. Rb5 h6 26. Qe3 Ra5 27. Rb4 Qe7 28.
a3 Rd8 29. f3 Bc6 30. Rdb1 Rd4 31. f4 Re4 32. Qb6 Ra6 33. Qf2 exf4 34. Bf3 Re3
35. Bxc6 bxc6 36. Nxf4 Ng4 0-1

[Event "10th American Continental"]
[Site "Montevideo URU"]
[Date "2015.05.18"]
[Round "5.58"]
[White "D Andrea, Leonardo"]
[Black "Gomes, Carlos Henrique Caldeira"]
[Result "1-0"]
[WhiteElo "1984"]
[BlackElo "1894"]
[WhiteFideId "3005232"]
[BlackFideId "2120160"]
[EventDate "2015.05.15"]
[EventType "swiss"]

1. Nf3 Nf6 2. d4 d5 3. e3 Nc6 4. Bd3 Bg4 5. Nbd2 e6 6. O-O Bd6 7. c3 O-O 8. e4
dxe4 9. Nxe4 Nxe4 10. Bxe4 Kh8 11. Qd3 f5 12. Bxc6 bxc6 13. h3 Bxf3 14. Qxf3 c5
15. dxc5 Bxc5 16. Bf4 Bd6 17. Rad1 Qe7 18. Bxd6 cxd6 19. Qc6 Rfd8 20. Rfe1 Rab8
21. b3 Rbc8 22. Qf3 Qf6 23. c4 a5 24. Qe2 e5 25. Rd5 a4 26. Red1 g6 27. Qd2 axb3
28. axb3 Rb8 29. b4 Qh4 30. Rxd6 Rdc8 31. Qd5 Qxc4 32. Qxe5+ Kg8 33. Rd7 1-0

[Event "10th American Continental"]
[Site "Montevideo URU"]
[Date "2015.05.18"]
[Round "5.59"]
[White "Toledo, Javier"]
[Black "Manzi, Luiz Antonio Bardaro"]
[Result "0-1"]
[WhiteElo "1769"]
[BlackElo "2091"]
[WhiteFideId "3007502"]
[BlackFideId "2102641"]
[EventDate "2015.05.15"]
[EventType "swiss"]

1. e4 Nf6 2. e5 Nd5 3. d4 d6 4. c4 Nb6 5. exd6 cxd6 6. Nc3 g6 7. Be3 Bg7 8. Rc1
O-O 9. b3 e5 10. dxe5 dxe5 11. c5 N6d7 12. Bc4 Nc6 13. Nf3 Na5 14. Bd5 Nf6 15.
Bg5 Qc7 16. Bxf6 Bxf6 17. Ne4 Bg7 18. O-O Nc6 19. Nd6 h6 20. a3 Kh7 21. Re1 Bg4
22. Ng5+ hxg5 23. Qxg4 f6 24. h4 f5 25. Qa4 g4 26. Nxb7 Ne7 27. Be6 Qxb7 28. c6
Qc7 29. Red1 Rfd8 30. Bd7 e4 31. Qc4 Ng8 32. h5 Nf6 33. Qf7 Nxh5 34. Rd5 Nf6 35.
Rxf5 Rxd7 36. Qe6 Re7 0-1

[Event "10th American Continental"]
[Site "Montevideo URU"]
[Date "2015.05.18"]
[Round "5.60"]
[White "Garcia La Rosa, Lorena Estefania"]
[Black "Blanchard, Marcel"]
[Result "1/2-1/2"]
[WhiteTitle "WCM"]
[WhiteElo "2017"]
[BlackElo "1804"]
[WhiteFideId "3901262"]
[BlackFideId "3000214"]
[EventDate "2015.05.15"]
[EventType "swiss"]

1. c4 Nf6 2. Nc3 g6 3. g3 Bg7 4. Bg2 c5 5. e4 d6 6. Nge2 Nc6 7. d3 O-O 8. O-O
Rb8 9. h3 Ne8 10. f4 Nd4 11. Be3 Nxe2+ 12. Qxe2 Nc7 13. Rac1 b5 14. b3 e6 15.
Rfd1 Qe7 16. Nxb5 Nxb5 17. cxb5 a6 18. bxa6 Bxa6 19. Qf2 Rfc8 20. Bf1 Qa7 21. e5
dxe5 22. Rxc5 Rxc5 23. Bxc5 Qc7 24. fxe5 Bxe5 25. g4 Bg3 26. Qe3 Bf4 27. Qf2 Bg3
28. Qc2 Rc8 29. d4 Bb7 30. Bg2 Ba6 31. a4 Qb8 32. b4 Qxb4 33. Bxb4 Rxc2 34. Bd2
Kg7 35. Bf1 Bb7 36. a5 Ra2 37. Be2 Bd5 38. a6 Bb3 39. Rb1 Bd5 40. Rd1 Bb3 41.
Rb1 Bd5 42. Rd1 1/2-1/2

[Event "10th American Continental"]
[Site "Montevideo URU"]
[Date "2015.05.18"]
[Round "5.61"]
[White "Zimmermann, Kleber Renato P."]
[Black "Gomez Troccoli, Martin"]
[Result "1-0"]
[WhiteTitle "CM"]
[WhiteElo "1966"]
[BlackElo "1761"]
[WhiteFideId "2150050"]
[BlackFideId "3006778"]
[EventDate "2015.05.15"]
[EventType "swiss"]

1. d4 e6 2. c4 d5 3. Nc3 Nf6 4. Bg5 Be7 5. e3 Nbd7 6. Nf3 O-O 7. Rc1 c5 8. dxc5
Nxc5 9. cxd5 exd5 10. Nxd5 Qa5+ 11. b4 Qxa2 12. Nxe7+ Kh8 13. Bxf6 1-0

[Event "10th American Continental"]
[Site "Montevideo URU"]
[Date "2015.05.18"]
[Round "5.62"]
[White "De la Torre, Andres"]
[Black "Diaz, Maria M.A."]
[Result "1-0"]
[BlackTitle "WFM"]
[WhiteElo "1699"]
[BlackElo "1963"]
[WhiteFideId "3005186"]
[BlackFideId "7500114"]
[EventDate "2015.05.15"]
[EventType "swiss"]

1. g3 f5 2. Bg2 Nf6 3. d3 e6 4. c4 Be7 5. Nc3 O-O 6. Nh3 e5 7. Qb3 c6 8. Ng5 d6
9. f4 Nh5 10. c5+ d5 11. Nxd5 Bxg5 12. Nb6+ Kh8 13. Nxc8 Qxc8 14. fxg5 g6 15.
O-O Na6 16. Be3 Ng7 17. Qc3 Qe6 18. Bf2 Nc7 19. e4 Nb5 20. Qc2 Rad8 21. a4 Nd4
22. Bxd4 Rxd4 23. Ra3 Qe7 24. h4 Rfd8 25. a5 Qd7 26. Rf3 fxe4 27. dxe4 Rd1+ 28.
Kh2 Ne6 29. Rf2 Qe7 30. b4 Nc7 31. Bf1 R1d4 32. Qb3 Rd2 33. Ra2 R8d3 1-0

[Event "10th American Continental"]
[Site "Montevideo URU"]
[Date "2015.05.18"]
[Round "5.63"]
[White "Ibanez, Marcelo"]
[Black "Torres Acosta, Raul"]
[Result "1-0"]
[WhiteElo "1963"]
[BlackElo "1677"]
[WhiteFideId "3002691"]
[BlackFideId "3006174"]
[EventDate "2015.05.15"]
[EventType "swiss"]

1. c4 Nf6 2. d4 e6 3. g3 d5 4. Nf3 Be7 5. Bg2 O-O 6. Qc2 Nc6 7. Nbd2 Bd7 8. O-O
Rc8 9. b3 Nb4 10. Qb1 c5 11. a3 Na6 12. Bb2 cxd4 13. Bxd4 dxc4 14. Nxc4 Bb5 15.
Rd1 Nd7 16. Nfe5 Qc7 17. Nxd7 Bxd7 18. Be5 Qd8 19. Bxb7 Nc7 20. Bc6 Nd5 21. Bxd7
Qxd7 22. e4 f6 23. Bf4 g5 24. Be3 f5 25. exd5 exd5 26. Qd3 f4 27. Ne5 Qe6 28.
Bd4 g4 29. b4 f3 30. Bb2 Rcd8 31. Qd4 h5 32. Nd7 Rf7 33. Qh8# 1-0

[Event "10th American Continental"]
[Site "Montevideo URU"]
[Date "2015.05.18"]
[Round "5.64"]
[White "Rodriguez Farias, Eduardo"]
[Black "Quevedo, Andreina"]
[Result "1-0"]
[WhiteElo "1956"]
[BlackElo "1661"]
[WhiteFideId "3005062"]
[BlackFideId "3004147"]
[EventDate "2015.05.15"]
[EventType "swiss"]

1. e4 e5 2. Nf3 Nc6 3. Bb5 a6 4. Ba4 Nf6 5. d3 b5 6. Bb3 Bc5 7. Nc3 h6 8. a4 Rb8
9. O-O d6 10. h3 O-O 11. a5 b4 12. Nd5 Nxd5 13. Bxd5 Ne7 14. Bc4 Bb7 15. c3 Kh8
16. d4 exd4 17. cxd4 Ba7 18. Qe2 Qc8 19. Bf4 d5 20. exd5 Nxd5 21. Be5 Re8 22.
Qd2 Re6 23. Rac1 Qd8 24. Ba2 Rc8 25. Bb1 Bb8 26. Bf5 1-0

[Event "10th American Continental"]
[Site "Montevideo URU"]
[Date "2015.05.18"]
[Round "5.65"]
[White "Dominguez, Facundo"]
[Black "Perez, Jose Luis"]
[Result "1-0"]
[WhiteElo "1947"]
[BlackElo "1543"]
[WhiteFideId "3005178"]
[BlackFideId "3001466"]
[EventDate "2015.05.15"]
[EventType "swiss"]

1. e4 e6 2. d4 d5 3. Nd2 Nf6 4. e5 Nfd7 5. Bd3 c5 6. c3 Nc6 7. Ne2 cxd4 8. cxd4
f6 9. exf6 Nxf6 10. O-O Bd6 11. Nf3 Qc7 12. Bg5 O-O 13. Rc1 Bd7 14. Qc2 Rae8 15.
Bxf6 Rxf6 16. Bxh7+ Kh8 17. Ng3 Rh6 18. Bd3 Qb8 19. a3 Rf8 20. Rfe1 Rxf3 21.
gxf3 Nxd4 22. Qd1 Qd8 23. Kg2 Qh4 24. Rh1 Qf4 25. Be2 e5 26. h4 Bc6 27. Qd3 e4
28. fxe4 dxe4 29. Qe3 Rg6 30. Rc3 Nxe2 31. Qxe2 e3+ 32. Rxc6 bxc6 33. Qh5+ Rh6
34. Qe8+ Kh7 35. Qxe3 Qxe3 36. fxe3 Rg6 37. Rh3 Kh6 38. Kf3 Rf6+ 39. Ke4 Re6+
40. Kd3 Be5 41. Nf5+ Kg6 42. Nd4 Rd6 43. Kc4 Kh5 44. Rh1 Bf6 45. b4 Rd5 46. Nxc6
Rd2 47. Nxa7 Re2 48. Kd3 Ra2 49. Nb5 Bxh4 50. e4 g5 51. e5 Kg6 52. Ke4 Kf7 53.
Rf1+ Ke7 54. Kf5 Re2 55. Nd4 Re3 56. Rf3 Re1 57. b5 g4 58. Kxg4 Re4+ 59. Rf4
Rxf4+ 60. Kxf4 1-0

[Event "10th American Continental"]
[Site "Montevideo URU"]
[Date "2015.05.18"]
[Round "5.66"]
[White "Cao, Jorge"]
[Black "Perez, Cecilia Manuela"]
[Result "1-0"]
[WhiteElo "1929"]
[BlackElo "1525"]
[WhiteFideId "3000109"]
[BlackFideId "3003191"]
[EventDate "2015.05.15"]
[EventType "swiss"]

1. d4 e6 2. c4 Nf6 3. Nf3 Bb4+ 4. Bd2 Bxd2+ 5. Qxd2 O-O 6. Nc3 d6 7. e4 Re8 8.
Be2 Qe7 9. O-O Nc6 10. Rfe1 Bd7 11. e5 dxe5 12. dxe5 Ng4 13. Qf4 Nh6 14. Rad1 a6
15. Ne4 Rad8 16. Bd3 Bc8 17. Neg5 Nf5 18. g4 h6 19. gxf5 hxg5 20. Nxg5 f6 21.
exf6 gxf6 22. Nxe6 Bxe6 23. fxe6 Qg7+ 24. Kh1 Rd4 25. Bh7+ Kxh7 26. Rxd4 Nxd4
27. Qxd4 b6 28. Rg1 Qf8 29. Qh4+ Qh6 30. Qe4+ Kh8 31. Qf5 Rg8 32. Rxg8+ Kxg8 33.
Qd5 Qc1+ 34. Kg2 Qg5+ 35. Qxg5+ fxg5 36. Kg3 Kf8 37. Kg4 Ke7 38. Kxg5 Kxe6 39.
h4 Kf7 40. h5 Kg7 41. f4 b5 42. cxb5 axb5 43. b4 c6 44. h6+ Kh7 45. f5 Kg8 46.
Kg6 Kh8 47. h7 1-0

[Event "10th American Continental"]
[Site "Montevideo URU"]
[Date "2015.05.18"]
[Round "5.67"]
[White "Rodriguez Fuentealba, Diego"]
[Black "Boff, Andre Ricardo"]
[Result "0-1"]
[WhiteElo "1522"]
[BlackElo "1927"]
[WhiteFideId "3422704"]
[BlackFideId "2154854"]
[EventDate "2015.05.15"]
[EventType "swiss"]

1. e4 e6 2. d4 d5 3. Nd2 Nc6 4. Ngf3 Nf6 5. e5 Nd7 6. Bd3 f6 7. exf6 Qxf6 8. c3
Bd6 9. Nf1 O-O 10. Bg5 Qf7 11. Ng3 e5 12. dxe5 Ndxe5 13. h3 Nxf3+ 14. Qxf3 Qxf3
15. gxf3 Ne5 16. O-O-O Nxf3 17. Be3 c6 18. Be2 Be6 19. Kb1 b6 20. Nf1 Rae8 21.
Nd2 Nxd2+ 22. Rxd2 Bf4 23. Bd3 Bxe3 24. fxe3 Rf3 25. e4 dxe4 26. Bxe4 Bxa2+ 27.
Kxa2 Rxe4 28. Rd7 a5 29. Rb7 b5 30. Rg1 g6 31. Rd1 Rf7 32. Rxf7 Kxf7 33. Rd7+
Re7 34. Rd6 Rc7 35. Kb1 Ke7 36. Rd2 Kf6 37. Kc2 Kg5 38. Rd4 h5 39. h4+ Kf5 40.
b3 Re7 41. Kd3 Re1 42. Kd2 Re4 43. Rd6 Rxh4 44. Rxc6 Re4 0-1

[Event "10th American Continental"]
[Site "Montevideo URU"]
[Date "2015.05.18"]
[Round "5.68"]
[White "Guisande, Fernando"]
[Black "Anza, Vicenzo"]
[Result "1-0"]
[WhiteElo "1898"]
[BlackElo "1486"]
[WhiteFideId "3002918"]
[BlackFideId "3007510"]
[EventDate "2015.05.15"]
[EventType "swiss"]

1. e4 e5 2. Nf3 Nc6 3. Bb5 a6 4. Ba4 Bc5 5. O-O b5 6. Bb3 Nf6 7. c3 O-O 8. d4
exd4 9. cxd4 Bb6 10. e5 Ne8 11. Bg5 Ne7 12. Nc3 Bb7 13. Re1 h6 14. Bh4 g5 15.
Nxg5 hxg5 16. Bxg5 Ng7 17. Qg4 Qe8 18. Bf6 Ng6 19. Qxg6 1-0

[Event "10th American Continental"]
[Site "Montevideo URU"]
[Date "2015.05.18"]
[Round "5.71"]
[White "Porteiro, Rodrigo"]
[Black "Lanzilotta, Marcelo"]
[Result "1/2-1/2"]
[WhiteElo "1727"]
[BlackElo "2006"]
[WhiteFideId "3006140"]
[BlackFideId "3001750"]
[EventDate "2015.05.15"]
[EventType "swiss"]

1. e4 c5 2. Nf3 d6 3. d4 cxd4 4. Nxd4 Nf6 5. Nc3 g6 6. Be3 Bg7 7. f3 O-O 8. Qd2
Nc6 9. Bc4 Bd7 10. Bb3 Rc8 11. O-O-O Ne5 12. Kb1 Nc4 13. Bxc4 Rxc4 14. g4 b5 15.
g5 Nh5 16. Nce2 e5 17. Nb3 Qc7 18. Qxd6 Rxc2 19. Nc3 Rxc3 20. bxc3 Qxc3 21. Bd2
Qxf3 22. Qxd7 Qxe4+ 23. Kb2 Nf4 24. Bc1 Qg2+ 25. Kb1 Qe4+ 26. Ka1 Qe2 27. Bb2 a6
28. h4 Ne6 29. Qd3 Qg2 30. Qd5 Qg3 31. Rdg1 Qf4 32. Rf1 Qg3 33. Rfg1 Qf4 34. Rf1
Qb4 35. Qd2 Qe4 36. Qe1 Qd5 37. Qd2 Nd4 38. Nxd4 exd4 39. Rd1 a5 40. Rh2 Rd8 41.
Qd3 b4 42. Re2 Rc8 43. Kb1 h6 44. gxh6 Bf6 45. Re4 Rc3 46. Bxc3 bxc3 47. Re8+
Kh7 48. Rb8 Kxh6 49. Rb5 Qc6 50. a4 Qd6 51. Qxc3 Qf4 52. Qd2 Qe3 53. Rxa5 Bxh4
54. Qxe3+ dxe3 55. Re5 Bf2 56. a5 g5 57. a6 f6 58. Re7 g4 59. a7 e2 60. Rxe2
Bxa7 61. Rg2 f5 62. Rd7 Be3 63. Rd3 Ba7 64. Kc2 Kg5 65. Rd5 Kf4 66. Re2 Bb8 67.
Rf2+ Ke4 68. Rdxf5 1/2-1/2

[Event "10th American Continental"]
[Site "Montevideo URU"]
[Date "2015.05.18"]
[Round "5.72"]
[White "Pena, Luis"]
[Black "Croes, Octavio"]
[Result "1-0"]
[BlackTitle "CM"]
[WhiteElo "1680"]
[BlackElo "1887"]
[WhiteFideId "3006000"]
[BlackFideId "1007220"]
[EventDate "2015.05.15"]
[EventType "swiss"]

1. e4 c5 2. Nf3 d6 3. d4 cxd4 4. Nxd4 Nf6 5. Nc3 a6 6. a4 e5 7. Nf3 Qc7 8. Be2
Be7 9. O-O O-O 10. Bg5 Be6 11. Qd2 Nbd7 12. Nh4 h6 13. Bxf6 Nxf6 14. g3 Qc5 15.
Rad1 Rac8 16. Ng2 b5 17. axb5 axb5 18. Qe3 b4 19. Qxc5 Rxc5 20. Nd5 Nxd5 21.
exd5 Bxd5 22. Ne3 Be4 23. Bd3 Bxd3 24. Rxd3 f5 25. Nd5 Bg5 26. Nxb4 Rb5 27. c3
Be7 28. Nd5 Kf7 29. b4 Rc8 30. Ra1 Bd8 31. Ra6 Ke6 32. Ne3 Rb6 33. Ra7 Bf6 34.
Nd5 Rbc6 35. b5 Rc5 36. c4 Rxc4 37. b6 Rc1+ 38. Kg2 e4 39. Nc7+ Ke5 40. Rd5# 1-0

[Event "10th American Continental"]
[Site "Montevideo URU"]
[Date "2015.05.18"]
[Round "5.73"]
[White "Montenegro, Claudia"]
[Black "Campora, Edgardo"]
[Result "1/2-1/2"]
[WhiteElo "1628"]
[BlackElo "1847"]
[WhiteFideId "3006719"]
[BlackFideId "3003612"]
[EventDate "2015.05.15"]
[EventType "swiss"]

1. Nf3 Nf6 2. c4 g6 3. g3 Bg7 4. Bg2 O-O 5. O-O d6 6. d4 Nbd7 7. Nc3 e5 8. e4
exd4 9. Nxd4 Nc5 10. Rb1 Re8 11. Re1 a5 12. b3 Nh5 13. Bb2 f5 14. f3 Nf6 15.
exf5 Rxe1+ 16. Qxe1 Nd3 17. Qe3 Nxb2 18. Rxb2 gxf5 19. Re2 Kh8 20. Ne6 Bxe6 21.
Qxe6 Qd7 22. Nb5 Rd8 23. Bh3 Qxe6 24. Rxe6 d5 25. cxd5 Rxd5 26. Nxc7 Rd1+ 27.
Bf1 Kg8 28. Ne8 Nxe8 29. Rxe8+ Kf7 30. Re2 b6 31. Kg2 Bc3 32. Rc2 Rd2+ 33. Rxd2
Bxd2 34. Bd3 Kf6 35. Kh3 h6 36. Kh4 f4 37. g4 Be1+ 38. Kh5 Kg7 39. h4 Bc3 40. g5
hxg5 41. hxg5 Bb2 42. Kg4 Bc1 43. Kf5 Bd2 44. Ke6 Be3 45. Ke7 Bc5+ 46. Ke8 Be3
47. a3 Bc5 48. a4 Be3 49. Kd7 Bc5 50. Kc6 Be3 51. Be4 Bc5 52. Kd5 Be3 53. Ke5
Bc1 54. g6 Be3 55. Bd3 Bc1 56. Kf5 Be3 57. Be4 Bc1 58. Ke6 Be3 1/2-1/2